000 00397nam a2200169Ia 4500
005 20250423101458.0
008 250422s9999 xx 000 0 und d
020 _a9780435906986
050 _aDT 515.8 .A67/
100 _aAchebe, Chinua
245 4 _aThe trouble with Nigeria
260 _aEnugu
260 _bFourth Dimension Publishers
260 _c1983
300 _a68 p
942 _cBK
999 _c36405
_d36405